Manual de prevención y tratamiento de lesiones por presión / (Record no. 10915)
[ view plain ]
| 000 -LEADER | |
|---|---|
| fixed length control field | 00930nam a22002057a 4500 |
| 003 - CONTROL NUMBER IDENTIFIER | |
| control field | AR-FvUNAJ |
| 005 - DATE AND TIME OF LATEST TRANSACTION | |
| control field | 20250425104052.0 |
| 007 - PHYSICAL DESCRIPTION FIXED FIELD--GENERAL INFORMATION | |
| fixed length control field | cr |
| 008 - FIXED-LENGTH DATA ELEMENTS--GENERAL INFORMATION | |
| fixed length control field | 250425b ||||| |||| 00| 0 spa d |
| 040 ## - CATALOGING SOURCE | |
| Original cataloging agency | AR-FvUNAJ |
| Modifying agency | AR-FvUNAJ |
| 110 2# - MAIN ENTRY--CORPORATE NAME | |
| Corporate name or jurisdiction name as entry element | Hospital Nacional Posadas. |
| Subordinate unit | Comité de Seguridad del Paciente |
| 9 (RLIN) | 21466 |
| 245 10 - TITLE STATEMENT | |
| Title | Manual de prevención y tratamiento de lesiones por presión / |
| Statement of responsibility, etc | Comité de Seguridad del Paciente |
| 260 ## - PUBLICATION, DISTRIBUTION, ETC. (IMPRINT) | |
| Place of publication, distribution, etc | s.l. : |
| Name of publisher, distributor, etc | s.d., |
| Date of publication, distribution, etc | 2022. |
| 300 ## - PHYSICAL DESCRIPTION | |
| Extent | 90 pag. |
| Other physical details | digital |
| 500 ## - GENERAL NOTE | |
| General note | Dirigido a Enfermeras/os · Médicas/os · Kinesiólogas/os · Técnicas/os de Rehabilitación· Lic. en Nutrición · Cirujanas/os Plásticas/os · Farmacéuticos/as ·Especialidades afines |
| 650 #0 - SUBJECT ADDED ENTRY--TOPICAL TERM | |
| Source of heading or term | dcs |
| 9 (RLIN) | 13703 |
| Topical term or geographic name as entry element | ULCERA POR PRESION |
| 856 41 - ELECTRONIC LOCATION AND ACCESS | |
| Uniform Resource Identifier | <a href="https://www.argentina.gob.ar/sites/default/files/2022/08/manual_lpp_2022_v.3_final.pdf">https://www.argentina.gob.ar/sites/default/files/2022/08/manual_lpp_2022_v.3_final.pdf</a> |
| 942 ## - ADDED ENTRY ELEMENTS (KOHA) | |
| Source of classification or shelving scheme | Dewey Decimal Classification |
| Item type | Libro electrónico |
| 980 ## - EQUIVALENCE OR CROSS-REFERENCE-SERIES STATEMENT--PERSONAL NAME/TITLE [LOCAL, CANADA] | |
| Linkage | 2 |
| Personal name | Virginia Figueroa |
| Field link and sequence number | 2 |
| Miscellaneous information | Virginia Figueroa |
| Withdrawn status | Lost status | Source of classification or shelving scheme | Damaged status | Not for loan | Collection code | Home library | Current library | Date acquired | Total Checkouts | Date last seen | Uniform Resource Identifier | Price effective from | Koha item type |
|---|---|---|---|---|---|---|---|---|---|---|---|---|---|
| Dewey Decimal Classification | Acceso en línea | Recursos en Línea | Biblioteca Central | Biblioteca Central | 25/04/2025 | 25/04/2025 | https://www.argentina.gob.ar/sites/default/files/2022/08/manual_lpp_2022_v.3_final.pdf | 25/04/2025 | Libro electrónico |